Microbiology : (Record no. 21002)

MARC details
000 -LEADER
fixed length control field 01245nam a22003495i 4500
003 - CONTROL NUMBER IDENTIFIER
control field EG-ScBUE
005 - DATE AND TIME OF LATEST TRANSACTION
control field 20260318101416.0
008 - FIXED-LENGTH DATA ELEMENTS--GENERAL INFORMATION
fixed length control field 151101t2016 enka f bd 001 0 eng d
020 ## - INTERNATIONAL STANDARD BOOK NUMBER
International Standard Book Number 9781292099149
020 ## - INTERNATIONAL STANDARD BOOK NUMBER
International Standard Book Number 1292099143
040 ## - CATALOGING SOURCE
Original cataloging agency EG-ScBUE
Language of cataloging eng
Description conventions rda
Transcribing agency EG-ScBUE
Modifying agency EG-ScBUE
082 04 - DEWEY DECIMAL CLASSIFICATION NUMBER
Classification number 579
Item number TOR
Edition number 22
100 1# - MAIN ENTRY--PERSONAL NAME
Personal name Tortora, Gerard J.,
9 (RLIN) 31081
Relator term author.
245 10 - TITLE STATEMENT
Title Microbiology :
Remainder of title an introduction /
Statement of responsibility, etc Gerard J. Tortora, Bergen Community College, Berdell R. Funke, North Dakota State University, Christine L. Case, Skyline College.
250 ## - EDITION STATEMENT
Edition statement Twelfth edition.
250 ## - EDITION STATEMENT
Edition statement Global edition.
264 #1 - PUBLICATION, DISTRIBUTION, ETC. (IMPRINT)
Place of publication, distribution, etc Harlow :
Name of publisher, distributor, etc Pearson Education Limited,
Date of publication, distribution, etc [2016]
264 #4 - PUBLICATION, DISTRIBUTION, ETC. (IMPRINT)
Date of publication, distribution, etc c2016
300 ## - PHYSICAL DESCRIPTION
Extent 955 pages :
Other physical details illustrations ;
Dimensions 28 cm
336 ## - CONTENT TYPE
Source rdacontent
Content type term text
Content type code txt
337 ## - MEDIA TYPE
Media type term unmediated
Source rdamedia
Media type code n
338 ## - CARRIER TYPE
Carrier type term volume
Carrier type code nc
Source rdacarrier
500 ## - GENERAL NOTE
General note Includes glossary.<br/>
500 ## - GENERAL NOTE
General note Includes Appendices.<br/>
504 ## - BIBLIOGRAPHY, ETC. NOTE
Bibliography, etc Includes bibliographical references and index.<br/>
650 #7 - SUBJECT ADDED ENTRY--TOPICAL TERM
Topical term or geographic name as entry element Microbiology
Form subdivision Textbooks.
Source of heading or term BUEsh
653 ## - INDEX TERM--UNCONTROLLED
Resource For college Pharmacy
Arrived date list November2015
655 ## - INDEX TERM--GENRE/FORM
Form subdivision Reading book
9 (RLIN) 34232
700 1# - ADDED ENTRY--PERSONAL NAME
Personal name Funke, Berdell R.,
9 (RLIN) 31083
Relator term author.
700 1# - ADDED ENTRY--PERSONAL NAME
Personal name Case, Christine L.,
9 (RLIN) 31084
Dates associated with a name 1948-
Relator term author.
942 ## - ADDED ENTRY ELEMENTS (KOHA)
Source of classification or shelving scheme Dewey Decimal Classification
Koha item type Book - Borrowing
Holdings
Withdrawn status Lost status Source of classification or shelving scheme Damaged status Not for loan Collection code Home library Current library Shelving location Date acquired Source of acquisition Total Checkouts Full call number Barcode Date last seen Price effective from Koha item type Date checked out
    Dewey Decimal Classification     Baccah Central Library Central Library First floor 01/11/2015 Purchase   579 TOR 000031199 15/07/2025 01/11/2015 Book - Borrowing  
    Dewey Decimal Classification     Baccah Central Library Central Library First floor 01/11/2015 Purchase   579 TOR 000031202 15/07/2025 01/11/2015 Book - Borrowing  
    Dewey Decimal Classification     Baccah Central Library Central Library First floor 01/11/2015 Purchase 1 579 TOR 000031201 15/07/2025 01/11/2015 Book - Borrowing 03/10/2022